000 00521cam a22001934a 4500
005 20250605164224.0
008 250528s ||||||||||||||||||||||||d
035 _a20789
020 _a9601204075
040 _aGR-AtMCL
_bgre
_dGR-AtMCL
_eAACR2
245 1 _aΜΗΧΑΝΟΓΡΑΦΗΜΕΝΗ ΛΟΓΙΣΤΙΚΗ
250 _a1
260 _bUniversity Studio Press,
_c1994
300 _a414
700 1 _aΣτεφανου Ι. Κωνσταντινος
_96752
942 _cBK
999 _c5871
_d5871